00646nam a22001817a 450000500170000001000150001702000110003203500140004303700130005708200080007024500900007826000430016827000650021130000290027694200220030599900190032795201180034620171120153410.0 aENG-121511 c199.00 aEN-105043 bDBAD/PUB a881 aFrom autumn to spring :ceditied and compiler by Rishabh Pandeyba poetry anthology / aNew DelhibTurquoise Publicationc2017 aUrdu Ghar, Pt. Deen Dayal Upadhyaye Marg.bNew Delhie110002 a109p. :c24cm(pbk)bill. 2ddccENh881mFRO c147592d147592 001040708NFICaBNbBNd2017-11-20eDBAD/PUBg199.00l0o881 FROpEN-105043r2017-11-20 00:00:00t1v199.00yEN